Statistics for World Flags with NO RED (Pictures )

Click here to take the quiz!

General Stats

  • This quiz has been taken 88 times
  • The average score is 33 of 42

Answer Stats

Answer% Correct
Ireland
99%
Brazil
98%
Greece
96%
Israel
96%
Jamaica
96%
Sweden
96%
Argentina
95%
Cyprus
95%
Finland
95%
India
95%
Saudi Arabia
94%
niger
89%
Pakistan
89%
Kosovo
85%
Nigeria
85%
Uruguay
85%
Ivory Coast
83%
Ukraine
83%
Bhutan
82%
Bosnia & Hertzegovina
82%
Estonia
82%
Barbados
80%
San Marino
79%
Kazakhstan
76%
Honduras
73%
Somalia
70%
Palau
69%
Bahamas
68%
Botswana
68%
El Salvador
65%
Guatemala
64%
Lesotho
64%
Marshall Islands
64%
Micronesia
64%
St. Lucia
64%
Tanzania
64%
Nauru
62%
Solomon Islands
61%
Gabon
58%
St Vincent & Grenadines
56%
Sierra Leone
54%
Rwanda
51%

Score Distribution

Percentile by Number Answered

Percent of People with Each Score

Your Score History

You have not taken this quiz